Economic issues and policy / (Record no. 1105)

MARC details
000 -LEADER
fixed length control field 00653nam a22002172 4500
001 - CONTROL NUMBER
control field 0000019544
005 - DATE AND TIME OF LATEST TRANSACTION
control field 20151021151134.0
008 - FIXED-LENGTH DATA ELEMENTS--GENERAL INFORMATION
fixed length control field 110107s xx 000 0 eng d
020 ## - INTERNATIONAL STANDARD BOOK NUMBER
International Standard Book Number 0324543117 :
040 ## - CATALOGING SOURCE
Original cataloging agency KABU
Transcribing agency KABU
100 1# - MAIN ENTRY--PERSONAL NAME
Personal name Brux, Jacqueline Murray.
-- 0000179300
245 10 - TITLE STATEMENT
Title Economic issues and policy /
Statement of responsibility, etc. Jacqueline Murray Brux.
250 ## - EDITION STATEMENT
Edition statement 4th ed.
260 ## - PUBLICATION, DISTRIBUTION, ETC. (IMPRINT)
Place of publication, distribution, etc. Mason, OH :
Name of publisher, distributor, etc. Thomson Higher,
Date of publication, distribution, etc. 2008.
300 ## - PHYSICAL DESCRIPTION
Extent xxix, 448 p.
650 #0 - SUBJECT ADDED ENTRY--TOPICAL TERM
Topical term or geographic name as entry element Economics.
-- 0000148279
650 #0 - SUBJECT ADDED ENTRY--TOPICAL TERM
Topical term or geographic name as entry element Economic policy.
-- 0000150092
852 1# - LOCATION
-- p3395 KES
908 ## - PUT COMMAND PARAMETER (RLIN)
Put command parameter 110107
950 ## - LOCAL HOLDINGS (RLIN)
-- 1
Holdings
Withdrawn status Lost status Source of classification or shelving scheme Not for loan Home library Current library Date acquired Total Checkouts Full call number Barcode Date last seen Price effective from Koha item type Date last checked out
    Library of Congress Classification   Kabarak, Main Campus Kabarak, Main Campus 17/12/2015 9 HB171.5 .B78 2008 c. 2 014896 02/08/2024 17/12/2015 General Collection 24/09/2021
    Library of Congress Classification   Kabarak, Main Campus Kabarak, Main Campus 17/12/2015 2 HB171.5 .B78 2008 c. 1 23058 02/08/2024 17/12/2015 General Collection 09/07/2019
    Library of Congress Classification   Kabarak, Nakuru City Campus Kabarak, Nakuru City Campus 21/10/2015   HB171.5 .B78 2008 c. 1 23057 21/10/2015 21/10/2015 General Collection  
Designed with assistance from East African Informatics Ltd